Normal view
MARC view
- شواهين،خير سليمان تأليف/غريفات،سحر محمد م،مشارك/شنبور،أمل عبد م،مشارك
Entry Personal Name
001 - CONTROL NUMBER
- control field: 28019
003 - CONTROL NUMBER IDENTIFIER
- control field: JO-AjAnu
005 - DATE AND TIME OF LATEST TRANSACTION
- control field: 20230606074743.0
008 - FIXED-LENGTH DATA ELEMENTS
- fixed length control field: 230606|| aca||aabn | a|a d
040 ## - CATALOGING SOURCE
- Original cataloging agency: JO-AjAnu
- Transcribing agency: JO-AjAnu
100 ## - HEADING--PERSONAL NAME
- Personal name: شواهين،خير سليمان تأليف/غريفات،سحر محمد م،مشارك/شنبور،أمل عبد م،مشارك
670 ## - SOURCE DATA FOUND
- Source citation: Work cat.: (JO-AjAnu)14384: شواهين،خير سليمان تأليف/غريفات،سحر محمد م،مشارك/شنبور،أمل عبد م،مشارك, author, المنهاج المدرسي للأطفال ذوي الإحتياجات الخاصة